| 000 | 01013cam a2200301 i 4500 | ||
|---|---|---|---|
| 001 | 20781532 | ||
| 005 | 20240806132948.0 | ||
| 008 | 170405s2017 vc ab b 001 0 eng | ||
| 010 | _a 2018494145 | ||
| 020 | _a9788840160313 | ||
| 035 | _a(casoclc)981455983 | ||
| 035 | _a(ItFiC)cas4021108 | ||
| 040 |
_aDLC _beng _cDLC _erda |
||
| 042 | _apcc | ||
| 043 | _aa------ | ||
| 100 | 1 |
_aGuillén Preckler, F. _q(Fernando), _eauthor. |
|
| 245 | 1 | 0 |
_aHistory of the Church in Asia : _ba historical survey / _cFernando Guillén Preckler. |
| 260 |
_aCittà del Vaticano, Roma : _bUrbaniana University Press, _cc2017. |
||
| 300 |
_a315 pages : _billustrations, maps ; _c25 cm. |
||
| 336 |
_atext _btxt _2rdacontent |
||
| 337 |
_aunmediated _bn _2rdamedia |
||
| 338 |
_avolume _bnc _2rdacarrier |
||
| 490 | 0 |
_aCollana Missiologia ; _v24 |
|
| 504 | _aIncludes bibliographical references (pages 279-282) and index. | ||
| 610 | 2 | 0 |
_aCatholic Church _zAsia _xHistory. |
| 651 | 0 |
_aAsia _xChurch history. |
|
| 942 |
_2lcc _cBK |
||
| 999 |
_c53158 _d53158 |
||